<?xml version="1.0" encoding="UTF-8"?>
<record
    xmlns:xsi="http://www.w3.org/2001/XMLSchema-instance"
    xsi:schemaLocation="http://www.loc.gov/MARC21/slim http://www.loc.gov/standards/marcxml/schema/MARC21slim.xsd"
    xmlns="http://www.loc.gov/MARC21/slim">

  <leader>00484nam a22001937a 4500</leader>
  <controlfield tag="003">OSt</controlfield>
  <controlfield tag="008">250426b        |||||||| |||| 00| 0 eng d</controlfield>
  <datafield tag="020" ind1=" " ind2=" ">
    <subfield code="a">9789384266998</subfield>
  </datafield>
  <datafield tag="082" ind1=" " ind2=" ">
    <subfield code="a">612 ARH</subfield>
  </datafield>
  <datafield tag="100" ind1=" " ind2=" ">
    <subfield code="a">Arora, Namita</subfield>
  </datafield>
  <datafield tag="245" ind1=" " ind2=" ">
    <subfield code="a">Human Anatomy and Physiology-II</subfield>
  </datafield>
  <datafield tag="260" ind1=" " ind2=" ">
    <subfield code="a">Delhi</subfield>
    <subfield code="b">Birla Pub.</subfield>
    <subfield code="c">2024</subfield>
  </datafield>
  <datafield tag="300" ind1=" " ind2=" ">
    <subfield code="a">viii,203</subfield>
  </datafield>
  <datafield tag="650" ind1=" " ind2=" ">
    <subfield code="a">Human Anatomy and Physiology-II</subfield>
  </datafield>
  <datafield tag="700" ind1=" " ind2=" ">
    <subfield code="a">Arora, Pankaj</subfield>
  </datafield>
  <datafield tag="700" ind1=" " ind2=" ">
    <subfield code="a">Sharma, Amit</subfield>
  </datafield>
  <datafield tag="700" ind1=" " ind2=" ">
    <subfield code="a">sharma, Shurbhi</subfield>
  </datafield>
  <datafield tag="942" ind1=" " ind2=" ">
    <subfield code="2">ddc</subfield>
    <subfield code="c">BK</subfield>
  </datafield>
  <datafield tag="999" ind1=" " ind2=" ">
    <subfield code="c">13452</subfield>
    <subfield code="d">13452</subfield>
  </datafield>
  <datafield tag="952" ind1=" " ind2=" ">
    <subfield code="0">0</subfield>
    <subfield code="1">0</subfield>
    <subfield code="2">ddc</subfield>
    <subfield code="4">0</subfield>
    <subfield code="7">0</subfield>
    <subfield code="8">DP</subfield>
    <subfield code="a">PIET</subfield>
    <subfield code="b">PIET</subfield>
    <subfield code="d">2025-04-15</subfield>
    <subfield code="e">Zafaa Books Distributres</subfield>
    <subfield code="f">Rs</subfield>
    <subfield code="g">250.00</subfield>
    <subfield code="k">ZBD0027</subfield>
    <subfield code="l">0</subfield>
    <subfield code="o">612 ARH</subfield>
    <subfield code="p">DP1412</subfield>
    <subfield code="r">2025-04-26 00:00:00</subfield>
    <subfield code="v">175.00</subfield>
    <subfield code="w">2025-04-11</subfield>
    <subfield code="y">REF</subfield>
  </datafield>
  <datafield tag="952" ind1=" " ind2=" ">
    <subfield code="0">0</subfield>
    <subfield code="1">0</subfield>
    <subfield code="2">ddc</subfield>
    <subfield code="4">0</subfield>
    <subfield code="7">0</subfield>
    <subfield code="8">DP</subfield>
    <subfield code="a">PIET</subfield>
    <subfield code="b">PIET</subfield>
    <subfield code="d">2025-04-15</subfield>
    <subfield code="e">Zafaa Books Distributres</subfield>
    <subfield code="f">Rs</subfield>
    <subfield code="g">250.00</subfield>
    <subfield code="k">ZBD0027</subfield>
    <subfield code="l">0</subfield>
    <subfield code="o">612 ARH</subfield>
    <subfield code="p">DP1413</subfield>
    <subfield code="r">2025-04-26 00:00:00</subfield>
    <subfield code="v">175.00</subfield>
    <subfield code="w">2025-04-11</subfield>
    <subfield code="y">BK</subfield>
  </datafield>
  <datafield tag="952" ind1=" " ind2=" ">
    <subfield code="0">0</subfield>
    <subfield code="1">0</subfield>
    <subfield code="2">ddc</subfield>
    <subfield code="4">0</subfield>
    <subfield code="7">0</subfield>
    <subfield code="8">DP</subfield>
    <subfield code="a">PIET</subfield>
    <subfield code="b">PIET</subfield>
    <subfield code="d">2025-04-15</subfield>
    <subfield code="e">Zafaa Books Distributres</subfield>
    <subfield code="f">Rs</subfield>
    <subfield code="g">250.00</subfield>
    <subfield code="k">ZBD0027</subfield>
    <subfield code="l">1</subfield>
    <subfield code="o">612 ARH</subfield>
    <subfield code="p">DP1414</subfield>
    <subfield code="r">2025-05-28 00:00:00</subfield>
    <subfield code="s">2025-05-13</subfield>
    <subfield code="v">175.00</subfield>
    <subfield code="w">2025-04-11</subfield>
    <subfield code="y">BK</subfield>
  </datafield>
  <datafield tag="952" ind1=" " ind2=" ">
    <subfield code="0">0</subfield>
    <subfield code="1">0</subfield>
    <subfield code="2">ddc</subfield>
    <subfield code="4">0</subfield>
    <subfield code="7">0</subfield>
    <subfield code="8">DP</subfield>
    <subfield code="a">PIET</subfield>
    <subfield code="b">PIET</subfield>
    <subfield code="d">2025-04-15</subfield>
    <subfield code="e">Zafaa Books Distributres</subfield>
    <subfield code="f">Rs</subfield>
    <subfield code="g">250.00</subfield>
    <subfield code="k">ZBD0027</subfield>
    <subfield code="l">0</subfield>
    <subfield code="o">612 ARH</subfield>
    <subfield code="p">DP1415</subfield>
    <subfield code="r">2025-04-26 00:00:00</subfield>
    <subfield code="v">175.00</subfield>
    <subfield code="w">2025-04-11</subfield>
    <subfield code="y">BK</subfield>
  </datafield>
  <datafield tag="952" ind1=" " ind2=" ">
    <subfield code="0">0</subfield>
    <subfield code="1">0</subfield>
    <subfield code="2">ddc</subfield>
    <subfield code="4">0</subfield>
    <subfield code="7">0</subfield>
    <subfield code="8">DP</subfield>
    <subfield code="a">PIET</subfield>
    <subfield code="b">PIET</subfield>
    <subfield code="d">2025-04-15</subfield>
    <subfield code="e">Zafaa Books Distributres</subfield>
    <subfield code="f">Rs</subfield>
    <subfield code="g">250.00</subfield>
    <subfield code="k">ZBD0027</subfield>
    <subfield code="l">0</subfield>
    <subfield code="o">612 ARH</subfield>
    <subfield code="p">DP1416</subfield>
    <subfield code="r">2025-04-26 00:00:00</subfield>
    <subfield code="v">175.00</subfield>
    <subfield code="w">2025-04-11</subfield>
    <subfield code="y">BK</subfield>
  </datafield>
</record>
